| 000 | 02196nam0a2200385 4500 | ||
|---|---|---|---|
| 001 | RU\NLR\BIBL_A\022067018 | ||
| 005 | 20231204112212.0 | ||
| 010 |
_a978-5-7422-8141-2 _9500 |
||
| 021 |
_aRU _bКН-П-23-063332 _9КН-П-23-6426 |
||
| 035 | _a(NLR Aleph) 022067018 | ||
| 035 | _a(RuMoRGB)012192667 | ||
| 090 |
_a12646776 _c12646776 |
||
| 100 | _a20231107d2023 u y0rusy50 ca | ||
| 101 | 0 | _arus | |
| 102 | _aRU | ||
| 105 | _aa j 000yy | ||
| 181 | 0 |
_ai _baxxe |
|
| 182 | 0 | _an | |
| 200 | 1 |
_aОсновы управления и безопасности коммерческих предприятий _eучебное пособие _eпо специальности 38.05.01 "Экономическая безопасность" _fТ. А. Лелявина, А. В. Шеховцова, В. В. Усков _gМинистерство науки и высшего образования Российской Федерации, Санкт-Петербургский государственный архитектурно-строительный университет |
|
| 203 |
_aТекст _bвизуальный _cнепосредственный |
||
| 210 |
_aСанкт-Петербург _cПолитех-Пресс _d2023 |
||
| 215 |
_a164 с. _d20 |
||
| 606 | 1 |
_aПредприятия _jУчебные издания для высших учебных заведений _xЭкономическая безопасность _xУправление _92523944 _3RU\NLR\AUTH\6601709694 |
|
| 606 | 1 |
_aКоммерческие организации _jУчебные издания для высших учебных заведений _xУправление _92605216 _3RU\NLR\AUTH\661541774 |
|
| 675 |
_a334.012.62-049.5(075.8) _v4 |
||
| 686 | 1 | _aУ5-971-21я73 | |
| 686 | 1 | _aУ29(0)я73 | |
| 686 | 1 | _aУ21(0)9я73 | |
| 700 | 1 |
_aЛелявина _bТ. А. _gТатьяна Анатольевна |
|
| 701 | 1 |
_aШеховцова _bА. В. _gАнна Викторовна |
|
| 701 | 1 |
_aУскова _bВ. В. _gВладислав Владимирович |
|
| 942 | _cBOOK | ||
| 980 | _aNB | ||